00521nam a22001457a 4500020001500000082003600015245007300051260003700124300003200161526003700193650001300230942001200243999001900255952010100274 a0821320076 a338.4762bKIMcKirmani, Syed S. aThe consulting profeswsion in developing countriescKirmani, Syed S. aWashingtonbThe world bankc1992 aix, 79 p. :bill, c24 cm.  a0b0c0d338_476200000000000_KIM aMCE9379 2ddccBK c542113d542113 00102ddc4070aMCEbMCEd2013-09-23l0o338.4762 KIMpMCE-43213r2013-09-23t1w2013-09-23yBK